00866nam a2200169 a 4500001000400000003000900004008004100013040002800054082001500082100002400097245006900121260003400190300001500224505041500239650001300654650002900667829CO-ViMGA141112s2004 ck r 000 u spa d aCO-ViMGAbspacCO-ViMGA04a634.3 A8451 aAvilan Rovira, Luis10aLos cítricos / cAvilan Rovira Luis , Renfijo Alvarez Carmelo  aCaracas : bAmérica, c1988 a484 p : il aImportancia del cultivo 17 - - Aspectos botánicos 29 - - Especies importantes Naranjo dulce, Toronjas, La cidra, El limón 56 - - Aspectos geneticos Variaciones, Alteraciones de la reproducción, mejoramiento genetico 62 - - Desarrollo de la planta 79 - - Establecimiento del huerto 199 - - Fertilización 278 - - Enfermedades y entes dañinos 349 - - Plagas 382 - - Cosecha y manejo de postcosecha 415 14aCITRICOS14aRenfijo Alvarez, Carmelo